Labor migration in Europe. Experiences from Germany after unification.

Výskum účinkov odlišných ekonomických podmienok na migráciu pracovnej sily na príklade zjednoteného Nemecka. Model jedného životného cyklu pracovníka so spotrebiteľskou suverenitou s ohľadom na výber regiónu pre odvodenie migrácie v budúcnosti. V dôsledku nedostatočnosti údajov o migrácii východ-záp...

Descrizione completa

Salvato in:
Dettagli Bibliografici
Autore principale: Raffelhüschen, B.
Natura: Capitolo di libro
Lingua:inglese
Soggetti:
Tags: Aggiungi Tag
Nessun Tag, puoi essere il primo ad aggiungerne!!

MARC

LEADER 00000naa a2200000 4500
001 r010825
005 20221130112815.5
041 0 |a eng 
044 |a NL 
245 1 0 |a Labor migration in Europe.  |b Experiences from Germany after unification.  |c B. Raffelhüschen 
520 |a Výskum účinkov odlišných ekonomických podmienok na migráciu pracovnej sily na príklade zjednoteného Nemecka. Model jedného životného cyklu pracovníka so spotrebiteľskou suverenitou s ohľadom na výber regiónu pre odvodenie migrácie v budúcnosti. V dôsledku nedostatočnosti údajov o migrácii východ-západ len ilustratívne výsledky, s určitým limitom použiteľné ako hrubé ukazovatele budúcej migrácie medzi východnou a západnou Európou. 
610 2 0 |a migrácia 
610 2 0 |a pohyb síl pracovných 
610 2 0 |a Nemecko 
610 2 0 |a východné Nemecko 
610 2 0 |a modely ekonomické 
610 2 0 |a regióny 
610 2 0 |a funkcie úžitkové 
610 2 0 |a tabuľky štatistické 
610 2 0 |a výroba 
610 2 0 |a rovnováha trhová 
610 2 0 |a trh kapitálový 
100 1 |a Raffelhüschen, B.